| 000 | 00664cam a2200217 a 4500 | ||
|---|---|---|---|
| 001 | sa 68000076 | ||
| 003 | DLC | ||
| 005 | 20260227112420.0 | ||
| 008 | 881102s1967 ii b 000 0 hino | ||
| 010 | _asa 68000076 | ||
| 035 | _a(OCoLC)23539347 | ||
| 040 |
_aDLC _cDLC |
||
| 050 | 0 | 0 |
_aPK1939 _b.S33 1967 |
| 100 | 1 | _aSarasa, Rāmacandra Śukla. | |
| 245 | 1 | 0 |
_aRasa-chanda aura alaṅkāra / _clekhaka Rāmacandra Śukla "Sarasa". |
| 260 |
_aLakhanaū : _bPrakāśana Kendra, _c1967. |
||
| 300 |
_a3, 6, 191 p. ; _c18 cm. |
||
| 504 | _aIncludes bibliographical references. | ||
| 650 | 0 |
_aHindi language _xRhetoric. |
|
| 650 | 0 |
_aHindi language _xVersification. |
|
| 999 |
_c76923 _d76923 |
||